Mountain Country Match Quiz Stats

 Plays Quiz Updated Oct 1, 2014

Challenge
Share
Tweet
Embed
Score 0/43 Timer 08:00
0 Plays Today
% Correct
France
92.9%
Switzerland
92.6%
Austria
90.9%
Italy
90.5%
Nepal
89.5%
Germany
86.6%
Chile
86%
India
85.5%
United States
84.4%
China
83.8%
Sweden
81.2%
Pakistan
81.1%
Argentina
80.8%
Canada
80.3%
Norway
80.3%
Peru
79.9%
Bhutan
78.7%
Liechtenstein
78.5%
Finland
76.1%
Colombia
74.2%
Bolivia
74%
Ecuador
73.9%
% Correct
Afghanistan
73.3%
Myanmar (Burma)
71.7%
Azerbaijan
67.8%
Armenia
65.5%
Russia
64.6%
Slovenia
63.7%
Georgia
61.7%
Slovenia
58.2%
Serbia
57.2%
Bosnia and Herzegovina
56.3%
Croatia
56%
Montenegro
54.1%
Morocco
54.1%
Algeria
53.3%
Kosovo
51.9%
Monaco
51.8%
Venezuela
50.1%
Turkey
47.5%
Albania
47.5%
Tunisia
44.2%
Iran
37.6%

You're not logged in!

Compare scores with friends on all Sporcle quizzes.
OR
Log In

You Might Also Like...

Show Comments

Extras

Top Quizzes Today


Score Distribution

Your Account Isn't Verified!

In order to create a playlist on Sporcle, you need to verify the email address you used during registration. Go to your Sporcle Settings to finish the process.

Report this User

Report this user for behavior that violates our Community Guidelines.

Details: